Statistiques concernant Chaînes de magasins alimentaires en France

Cliquez ici pour prendre le quiz!

Statistiques générales

  • Ce quiz a été pris 406 fois
    (350 depuis la dernière actualisation)
  • Le résultat moyen est 10 sur 28

Statistiques - réponses

NuméroMagasin% Correct
2Carrefour
97%
10Lidl
86%
5E.Leclerc
85%
1Auchan
84%
7Intermarché
84%
11Aldi
75%
3Casino
57%
6U
56%
12Monoprix
43%
9Grand Frais
36%
4Cora
33%
24Picard
27%
21Netto
26%
18Franprix
25%
14SPAR
25%
20Leader Price
22%
13Match
14%
26Biocoop
13%
19Vival
13%
28Proxi
11%
17Coccimarket
10%
8Colruyt
10%
25Thiriet
8%
27La Vie Claire
7%
22Norma
6%
168 à Huit
5%
23Supeco
4%
15Maximarché
3%

Distribution des résultats

Percentile par nombre de réponses

% des personnes avec chaque résultat

Votre développement - résultats

Vous n’avez pas pris ce quiz depuis la dernière actualisation